00423nam a2200157 a 45000010005000000030009000050080041000140400028000550820019000831000019001022450052001212600038001733000014002114900019002256500021002447180CO-ViMGA141112s2004 ck r 000 u spa d aCO-ViMGAbspacCO-ViMGA04a641.8653 S133t1 aSagel, Daniela10aLos chicos hacemos tortas y pasteles riquisimos aBuenos Aires : bAlbatros, c1991 a61 p : il aTus maravillas14aTORTAS - RECETAS